<?xml version="1.0" encoding="UTF-8"?>
<marc:record xmlns:marc="http://www.loc.gov/MARC21/slim">
   <marc:leader>00000nam a2200000 a 4500</marc:leader>
   <marc:datafield ind1=" " ind2=" " tag="653">
      <marc:subfield code="a">DVDN</marc:subfield>
   </marc:datafield>
   <marc:datafield ind1=" " ind2=" " tag="653">
      <marc:subfield code="a">Dokumentarfilm</marc:subfield>
   </marc:datafield>
   <marc:datafield ind1=" " ind2=" " tag="653">
      <marc:subfield code="a">NNT</marc:subfield>
   </marc:datafield>
   <marc:datafield ind1=" " ind2=" " tag="653">
      <marc:subfield code="a">Natur</marc:subfield>
   </marc:datafield>
   <marc:datafield ind1=" " ind2=" " tag="653">
      <marc:subfield code="a">Pflanzen</marc:subfield>
   </marc:datafield>
   <marc:datafield ind1=" " ind2=" " tag="653">
      <marc:subfield code="a">Tiere</marc:subfield>
   </marc:datafield>
   <marc:datafield ind1=" " ind2=" " tag="653">
      <marc:subfield code="a">Video</marc:subfield>
   </marc:datafield>
   <marc:datafield ind1=" " ind2=" " tag="653">
      <marc:subfield code="a">lne</marc:subfield>
   </marc:datafield>
   <marc:datafield ind1="0" ind2="0" tag="245">
      <marc:subfield code="a">Life - Das Wunder Leben</marc:subfield>
   </marc:datafield>
   <marc:datafield ind1="0" ind2="0" tag="245">
      <marc:subfield code="b">Vol. 2</marc:subfield>
   </marc:datafield>
   <marc:datafield ind1="1" ind2=" " tag="520">
      <marc:subfield code="a">Der atemberaubende 'Planet Erde'-Nachfolger geht in die zweite Runde. Packende, erstaunliche und dramatische Geschichten aus der Natur - zum ersten Mal in einer bis dato noch nie gezeigten Brillanz gefilmt. In Volume 2 werden beispielsweise Seelöwen beobachtet, die ein tödliches Katz-und-Maus-Spiel mit Weißen Haien treiben. Atemberaubende Zeitlupenbilder zeigen, wie Hasenmaulfledermäuse im Sturzflug Fische aus dem Wasser schnappen. Und Großaufnahmen offenbaren, wie fleischfressende Pflanzen jagen.Volume 2 mit fünf weiteren Episoden in ungekürzter Fassung - exklusiv auf 2 DVDs: Insekten / Jäger und Gejagte / Wesen der Ozeane / Pflanzen / Primaten</marc:subfield>
   </marc:datafield>
</marc:record>
